Kadra Arsenalu w Premier League 2015/16 - Statystyki

Ogólne statystyki
  • Ten quiz został rozwiązany 29 razy
  • Średni wynik to 18 z 34
Statystyki odpowiedzi
Numer Narodowość Zawodnik % Poprawnych
11 Niemcy Mesut Özil
100%
33 Czechy Petr Cech
96%
17 Chile Alexis Sanchez
93%
35 Egipt Mohamed Elneny
93%
6 Francja Laurent Koscielny
89%
7 Czechy Tomas Rosicky
85%
4 Niemcy Per Mertesacker
81%
16 Walia Aaron Ramsey
74%
12 Francja Olivier Giroud
74%
13 Kolumbia David Ospina
70%
28 Kostaryka Joel Campbell
70%
19 Hiszpania Santi Cazorla
70%
18 Hiszpania Nacho Monreal
67%
24 Hiszpania Hector Bellerin
63%
10 Anglia Jack Wilshere
63%
3 Anglia Kieran Gibbs
63%
8 Hiszpania Mikel Arteta
63%
14 Anglia Theo Walcott
59%
26 Argentyna Emiliano Martinez
52%
5 Brazylia Gabriel Paulista
52%
45 Nigeria Alex Iwobi
48%
23 Anglia Danny Welbeck
48%
15 Anglia Alex Oxlaide-Chamberlain
44%
34 Francja Francis Coquelin
37%
21 Anglia Calum Chambers
33%
22 Francja Yaya Sanogo
30%
20 Francja Mathieu Flamini
26%
32 Anglia Chuba Akpom
19%
27 Niemcy Serge Gnabry
19%
25 Anglia Carl Jenkinson
15%
58 Brazylia Wellington Silva
15%
49 Anglia Matt Macey
7%
42 Anglia Isaac Hayden
4%
57 Hiszpania Jon Toral
4%
Nie znaleziono quizów pasujących do podanych kryteriów
Rozkład punktacji
Procent ludzi z każdym wynikiem
Percentyl według liczby udzielonych odpowiedzi
Twoja historia wyników
Nie rozwiązałeś tego quizu